Aprendiendo a conservar (Registro nro. 5363)
[ vista simple ]
| 000 -Cabecera | |
|---|---|
| Campo de control de longitud fija | 00741aam a2200277 4500 |
| 005 - Fecha y hora de la última transacción | |
| Campo de control | 20250729164126.0 |
| 008 - Elementos de longitud fija--Información general | |
| Campo de control de longitud fija | 150512b2002 xxu||||| |||| 00| 0 spa d |
| 020 ## - International Standard Book Number | |
| Número Internacional Estándar del Libro (ISBN) | 9968702722 |
| 041 ## - Idioma | |
| Código de idioma | Español |
| 082 ## - Clasificación Decimal Dewey | |
| Número de clasificación | 333.72 M722a |
| 100 ## - Entrada principal--Autor personal | |
| Nombre personal | Molina Vega, Efren |
| 100 ## - Entrada principal--Autor personal | |
| Nombre personal | Aguilar Guevara, Karen |
| 245 ## - Título propiamente dicho | |
| Título | Aprendiendo a conservar |
| 260 ## - Pie de imprenta | |
| Lugar de publicación, distribución, etc. | Costa Rica |
| Nombre del editor, distribuidor, etc. | INBIO |
| Fecha de publicación, distribución, etc. | 2002 |
| 300 ## - Descripción física | |
| Extensión | 72 páginas |
| 490 ## - Serie | |
| Título de la Serie | Turismo |
| 505 ## - Nota de contenido | |
| Nota de contenido | Contiene láminas didácticas, código LDAC01 ubicadas en Mapoteca |
| 650 ## - Materia general | |
| Temática (materia general) | CONSERVACIÓN |
| 650 ## - Materia general | |
| Temática (materia general) | BIODIVERSIDAD |
| 650 ## - Materia general | |
| Temática (materia general) | MEDIO AMBIENTE |
| 650 ## - Materia general | |
| Temática (materia general) | RECURSOS NATURALES |
| 650 ## - Materia general | |
| Temática (materia general) | DESARROLLO SOSTENIBLE |
| 650 ## - Materia general | |
| Temática (materia general) | ECOLOGÍA |
| 650 ## - Materia general | |
| Temática (materia general) | COSTA RICA |
| 942 ## - Punto de acceso adicional KOHA | |
| Tipo de ítem KOHA | Libro |
| Fuente del sistema de clasificación o colocación | Dewey Decimal Classification |
| Signatura completa | Código de barras | Programa Académico | Tipo de ítem |
|---|---|---|---|
| 333.72 M722a | 9460 | Turismo | Libro |